KOHA-Header-6

Time Management (Record no. 6410)

000 -LEADER
fixed length control field 00251nam a2200109Ia 4500
100 ## - MAIN ENTRY--AUTHOR NAME
Personal name Chris Croft
245 #0 - TITLE STATEMENT
Title Time Management
260 ## - PUBLICATION, DISTRIBUTION, ETC. (IMPRINT)
Place of publication USA
Name of publisher BPB Publications
Year of publication 1996
300 ## - PHYSICAL DESCRIPTION
Number of Pages 222
942 ## - ADDED ENTRY ELEMENTS (KOHA)
Koha item type Books
Holdings
Withdrawn status Lost status Collection code Permanent Location Current Location Shelving location Date acquired Full call number Accession Number Koha item type
    Management MAJU MAJU   2019-09-07 658.83 2228 Management

Powered by Koha